00469nam a2200133Ia 4500008004100000020001800041100001500059245012900074260004000203300002800243500001900271650002100290650002400311200302s9999 xx 000 0 und d a9780323581165 aDoan, Thao cThao Doan, Fabio Lievano, Mondira Bhattacharya, Linda Scarazzini, Cheryl Renz.--aPharmacovigilance:bA practical approach / aSt. Louis, MissouribELSEVIERc2019 axiv, 213 pages:c24 cm. aincludes index aDrug Monitoring. aPharmacovigilance.